000 00453nam a2200145Ia 4500
008 100122s9999 xx 000 0 und d
082 _b30520
_a823
100 _aकवठेकर दत्त र
245 _aवाट पाहता लोचन
260 _bपं.अ.कुलकर्णी
_c1980
300 _a578
630 _aवाट पाहता लोचन
730 _aवाट पाहता लोचन
942 _cBOOK
999 _c415351
_d415348